Hindsight

Salvato in:
Dettagli Bibliografici
Autore principale: LZ, Enys
Natura: Libro
Lingua:inglese
Pubblicazione: Torrazza Piemonte Lux Lab 2025
Tags: Aggiungi Tag
Nessun Tag, puoi essere il primo ad aggiungerne!!

MARC

LEADER 00000nam a2200000 4500
003 vda
005 20250812113426.0
008 250812b |||||||| |||| 00| 0 eng d
020 |a 9791281525139 
040 |c Arcigay Queer VdA 
100 |a LZ, Enys 
245 |a Hindsight 
260 |a Torrazza Piemonte  |b Lux Lab  |c 2025 
500 |a Sean è una macchina della verità: capisce se qualcuno mente guardandolo negli occhi. Quando Raphael arriva al Rifugio senza alcun ricordo oltre al suo nome, è Sean a dover decidere se accoglierlo e dargli fiducia. Sean, però, non è infallibile. Ha già commesso un grave errore ed è tormentato dai sensi di colpa. Raphael sembra sincero, ma cosa si nasconde nel suo passato? Perché i suoi incubi lo perseguitano con visioni di fuoco e morte? Sean sa di dovergli stare lontano... ma non ha fatto i conti con i sentimenti di entrambi e con il ritorno di una spietata nemica. Romanzo M/M corale di genere urban fantasy. Autoconclusivo 
942 |2 ddc  |c BK  |n 0 
952 |0 0  |1 0  |2 ddc  |4 0  |6 853_914000000000000_LZE_HIN  |7 0  |9 9525  |a AO  |b AO  |d 2025-08-12  |l 0  |o 853.914 LZE HIN  |p 11558  |r 2025-08-12 11:35:08  |w 2025-08-12  |x Donato dal collettivo Lux Lab  |y BK 
999 |c 7938  |d 7938